Statistics for Top 5 Teams In Every North American Sport By Championship Losses

Click here to take the quiz!

General Stats

  • This quiz has been taken 29 times
  • The average score is 14 of 20

Answer Stats

HintAnswer% Correct
NBALos Angeles Lakers
96%
NBABoston Celtics
93%
MLBSt. Louis Cardinals/ Chicago Cubs
93%
NFLBengals/Eagles/Rams/Dolphins/Cowboys
81%
NFLBuffalo Bills
81%
MLBNew York Yankees
81%
NHLChicago BlackHawks/ New York Rangers
78%
NBANew York Knicks
78%
NFLMinnesota Vikings
74%
NFLNew England Patriots
74%
NHLMontreal Canadiens
70%
MLBLos Angeles Dodgers
67%
MLBSan Francisco Giants
67%
NHLDetroit Red Wings
63%
NHLBoston Bruins
59%
NFLDenver Broncos
59%
NBAGolden State Warriors
59%
NBAPhiladelphia 76ers
59%
MLBDetroit Tigers
56%
NHLToronto St. Patricks/ Toronto Maple Leaves
0%

Score Distribution

Percentile by Number Answered

Percent of People with Each Score

Your Score History

You have not taken this quiz